Fra katalanske folkebiblioteker / Af bibliotekar Hans Aage Paludan
Descripción Física:
[9] p. : il. ; 25 cm
MARC
| LEADER | 00000nam a2200000Ia 4500 | ||
|---|---|---|---|
| 001 | 19558 | ||
| 008 | 160829s1933 xx 000 0 cat d | ||
| 080 | |a RF-6-29 | ||
| 100 | |a Paludan, Hans Aage |9 47170 | ||
| 245 | |a Fra katalanske folkebiblioteker / Af bibliotekar Hans Aage Paludan | ||
| 260 | |a Kobènhavn [Canadà] : |b Graebes Gotrykkeri, |c 1933 | ||
| 300 | |a [9] p. : |b il. ; |c 25 cm | ||
| 590 | |a Article sobre les biblioteques populars a Catalunya. | ||
| 590 | |a Separata de: Bogens verden: tidsskrift for dans biblioteksvaesen, núm. 4-5 (1933). | ||
| 590 | |a Prové de G-492 | ||
| 650 | |a Biblioteques públiques |x Història |x Catalunya |9 47171 | ||
| 856 | 4 | |u https://media.diba.cat/diba/fitxers/arxiu/fulletons/bib_19558_1933_baixa.pdf |y Accés lliure | |
| 856 | 4 | |u https://media.diba.cat/diba/fitxers/arxiu/fulletons/bib_19558_1933_baixa.pdf |y Accés lliure | |
| 901 | |a Arxiu | ||
| 942 | |n 1 |2 udc | ||
| 952 | |0 0 |1 0 |4 0 |6 RF629 |7 1 |9 53716 |a Arxiu |b Arxiu |d 2016-12-01 |l 0 |o RF-6-29 |p 19558 |r 2016-12-01 00:00:00 |w 2016-12-01 |y ARXIU | ||
| 999 | |c 57582 |d 57582 | ||
| 900 | |a bib_19558_1933_baixa.pdf | ||